UBT Library

The brief Holt handbook / (Record no. 39834)

000 -LEADER
fixed length control field 00718cam a2200229 a 4500
001 - CONTROL NUMBER
control field 11803000
005 - DATE AND TIME OF LATEST TRANSACTION
control field 20180109034435.0
008 - FIXED-LENGTH DATA ELEMENTS--GENERAL INFORMATION
fixed length control field 991005s2001 txua bf 001 0 eng
010 ## - LIBRARY OF CONGRESS CONTROL NUMBER
LC control number 99067764
020 ## - INTERNATIONAL STANDARD BOOK NUMBER
International Standard Book Number 0155067370
040 ## - CATALOGING SOURCE
Original cataloging agency DLC
Language of cataloging eng
Transcribing agency DLC
041 ## - LANGUAGE CODE
Language code of text/sound track or separate title eng
080 ## - UNIVERSAL DECIMAL CLASSIFICATION NUMBER
Universal Decimal Classification number 808.042 KIR
082 00 - DEWEY DECIMAL CLASSIFICATION NUMBER
Classification number 808.042 KIR
Edition number 21
100 1# - Rafti
Rafti 46
101 ## - Shkurtesa
Shkurtesa EDU
245 14 - TITLE STATEMENT
Title The brief Holt handbook /
Statement of responsibility, etc Laurie G. Kirszner, Stephen R. Mandell.
504 ## - BIBLIOGRAPHY, ETC. NOTE
Bibliography, etc Includes bibliographical references and index.
906 ## - LOCAL DATA ELEMENT F, LDF (RLIN)
a 7
b cbc
c orignew
d 2
e epcn
f 19
g y-gencatlg
942 ## - ADDED ENTRY ELEMENTS (KOHA)
Source of classification or shelving scheme
Item type Books
Holdings
Withdrawn status Lost status Source of classification or shelving scheme Damaged status Not for loan Collection code Permanent location Current location Shelving location Date acquired Total Checkouts Full call number Barcode Date last seen Price effective from Koha item type
          Koleksioni i përgjithshem UBT - Lipjan UBT - Lipjan Koleksioni i përgjithshem 01/09/2018   808.042 KIR 002-2994302 01/09/2018 01/09/2018 Books
UBT Library © 2015-2024. All rights reserved University Education for Business and Technology